Decision points. george W. bush / (Record no. 14198)

000 -LEADER
fixed length control field 02159nam a2200265 a 4500
001 - CONTROL NUMBER
control field ASIN0753539667
005 - DATE AND TIME OF LATEST TRANSACTION
control field 20170105102849.0
008 - FIXED-LENGTH DATA ELEMENTS--GENERAL INFORMATION
fixed length control field 130820s2010 xxu eng d
020 ## - INTERNATIONAL STANDARD BOOK NUMBER
International Standard Book Number 0753539667 (hardcover)
Terms of availability $39.96
020 ## - INTERNATIONAL STANDARD BOOK NUMBER
International Standard Book Number 9780753539668 (hardcover)
040 ## - CATALOGING SOURCE
Original cataloging agency 0
050 04 - LIBRARY OF CONGRESS CALL NUMBER
Classification number E903
082 04 - DEWEY DECIMAL CLASSIFICATION NUMBER
Classification number 973.931092
100 1# - MAIN ENTRY--PERSONAL NAME
Personal name Bush, George W.
245 10 - TITLE STATEMENT
Title Decision points. george W. bush /
Statement of responsibility, etc. George W. Bush.
260 ## - PUBLICATION, DISTRIBUTION, ETC.
Place of publication, distribution, etc. [S.l.] :
Name of publisher, distributor, etc. Virgin Publishing,
Date of publication, distribution, etc. 2010.
300 ## - PHYSICAL DESCRIPTION
Extent 512 p. ;
Dimensions 24 cm.
520 ## - SUMMARY, ETC.
Summary, etc. "Decision Points" is the extraordinary memoir of America's 43rd president. Shattering the conventions of political autobiography, George W. Bush offers a strikingly candid journey through the defining decisions of his life. In gripping, never-before-heard detail, President Bush brings readers inside the Texas Governor's Mansion on the night of the hotly contested 2000 election; aboard Air Force One on 9/11, in the hours after America's most devastating attack since Pearl Harbour; at the head of the table in the Situation Room in the moments before launching the war in Iraq; and, behind the Oval Office desk for his historic and controversial decisions on the financial crisis, Hurricane Katrina, Afghanistan, Iran, and other issues that have shaped the first decade of the 21st century. President Bush writes honestly and directly about his flaws and mistakes, as well as his accomplishments reforming education, treating HIV/AIDS in Africa, and safeguarding the country amid chilling warnings of additional terrorist attacks. He also offers intimate new details on his decision to quit drinking, discovery of faith, and relationship with his family. A groundbreaking new brand of memoir, "Decision Points" will captivate supporters, surprise critics, and change perspectives on one of the most consequential eras in American history - and the man at the centre of events.
650 #0 - SUBJECT ADDED ENTRY--TOPICAL TERM
Topical term or geographic name entry element Bush, George W. (George Walker), 1946-
650 #0 - SUBJECT ADDED ENTRY--TOPICAL TERM
Topical term or geographic name entry element Political science
650 #0 - SUBJECT ADDED ENTRY--TOPICAL TERM
Topical term or geographic name entry element Presidents
650 #0 - SUBJECT ADDED ENTRY--TOPICAL TERM
Topical term or geographic name entry element United States
856 40 - ELECTRONIC LOCATION AND ACCESS
Materials specified Amazon.com
Uniform Resource Identifier <a href="http://www.amazon.com/exec/obidos/ASIN/0753539667/chopaconline-20">http://www.amazon.com/exec/obidos/ASIN/0753539667/chopaconline-20</a>
942 ## - ADDED ENTRY ELEMENTS (KOHA)
Source of classification or shelving scheme
Koha item type Book
Holdings
Withdrawn status Lost status Damaged status Not for loan Collection code Permanent Location Current Location Shelving location Date acquired Total Checkouts Full call number Barcode Date last seen Price effective from Koha item type Checked out Date last checked out
          Central Library (CL) Central Library (CL) General Stacks 10/01/2013 3 973.931092 BUS 2010 CIPS0001206 03/11/2022 10/29/2013 Book 04/10/2022 03/11/2022
          Centre for International Peace & Stability (CIPS) Centre for International Peace & Stability (CIPS) General Stacks 08/20/2013   973.931092 BUS 2010 CIPS0000702 08/20/2013 08/20/2013 Book    
© 2023 Central Library, National University of Sciences and Technology. All Rights Reserved.